Science Quiz

Random Science Quiz
Score 0/15 Timer 10:00
0 Plays Today
Features Cancer Type/Stain % Correct
testicle: differentiated cells from multiple embryonic layers (cartilage, neurons, fingernails, etc)teratoma
73.9%
prostate: abnormal epithelia proliferation in glands, nuclear abnormalities, absent basal cell layerprostatic adenocarcinoma
69.6%
prostate: overgrowth of stroma or epithelia in nodules, intact basal cell layerbenign prostatic hyperplasia
60.9%
testicle: clear cytoplasm, large nucleus with prominent nucleoli, distinct cytoplasmseminoma
60.9%
testicle: lace doilies, schiller-duval bodies, AFPyolk sac
52.2%
looking at tumor spread and metastasisstaging
47.8%
testicle: lakes of blood, HCGchoriocarcinoma
47.8%
testicle: sheets of dark-staining cells, non-distinct bordersembryonal carcinoma
43.5%
Features Cancer Type/Stain % Correct
prostate: abnormal epithelia proliferation in glands, nuclear abnormalities, intact basal cell layerprostatic intraepithelial neoplasia
39.1%
testicle: many types of other tumorsmixed germ cell tumor
39.1%
looking at gland circumscription, size and shape, invasion is part ofgrading
34.8%
34BetaE12 stains forbasal cells
30.4%
testicle: necrotic area with scar tissue onlyburnout
30.4%
AMACR stains forprostate cancer
21.7%
testicle: germ cells with enlarged nuclei, prominent nucleoli, clear cytoplasm, PLAPintratubular germ cell neoplasia
17.4%
Remove Ads.
Support Sporcle.
Get the best of Sporcle when you Go Orange. This ad-free experience offers more features, more stats, and more fun while also helping to support Sporcle. Thank you for becoming a member.

You're not logged in!

Compare scores with friends on all Sporcle quizzes.
OR
Log In

Show Comments

Extras

Created Oct 15, 2010ReportNominate
Tags:Pathology

Top Quizzes Today


Score Distribution

Your Account Isn't Verified!

In order to create a playlist on Sporcle, you need to verify the email address you used during registration. Go to your Sporcle Settings to finish the process.

Report this User

Report this user for behavior that violates our Community Guidelines.

Details: